000 00544nam a22001937a 4500
001 2514
003 BD-DhBUF
005 20250825161325.0
008 250825b bg ||||| |||| 00| 0 ben d
020 _a0393977757
040 _aBD-DhBUF
_cBD-DhBUF
100 _aHanning, Barbara Russano
_93901
245 _aConcise history of western music /
_cBarbara Russano Hanning
250 _a2nd ed.
260 _aNew York :
_bW.W. Norton ,
_cC2002
300 _axiv, 618p. :
_c26 cm. ;
650 _aMusic-History and criticism
_93621
942 _2ddc
_cBK
999 _c2514
_d2514